000 00692nam a2200253Ia 4500
003 OSt
005 20220918110128.0
006 a|||||r|||| 00| 0
007 ta
008 220915b |||||||| |||| 00| 0 eng d
024 _a92704
037 _cReference Collections
040 _aARTS
_cARTS
_beng
041 _2eng
_aeng
082 _aU.41k, E0(RR)
100 _aPlayfair G M H
_95926
245 0 _aCities and towns of China
_b a geographical dictionary
250 _a2nd
260 _aNew York
_bParagon
_c1910
300 _axiii, 582p.
650 _aGEOGRAPHY
942 _hU.41k, E0(RR)
_cREF
999 _c111258
_d111258